<?xml version="1.0" encoding="UTF-8"?>
<record
    xmlns:xsi="http://www.w3.org/2001/XMLSchema-instance"
    xsi:schemaLocation="http://www.loc.gov/MARC21/slim http://www.loc.gov/standards/marcxml/schema/MARC21slim.xsd"
    xmlns="http://www.loc.gov/MARC21/slim">

  <leader>02195cam a22003254a 4500</leader>
  <controlfield tag="001">16776944</controlfield>
  <controlfield tag="003">OSt</controlfield>
  <controlfield tag="005">20231030163944.0</controlfield>
  <controlfield tag="008">110513s2011    tnu      b    001 0 eng  </controlfield>
  <datafield tag="010" ind1=" " ind2=" ">
    <subfield code="a">  2011020286</subfield>
  </datafield>
  <datafield tag="020" ind1=" " ind2=" ">
    <subfield code="a">9780687663804 (trade pbk. : alk. paper)</subfield>
  </datafield>
  <datafield tag="040" ind1=" " ind2=" ">
    <subfield code="a">DLC</subfield>
    <subfield code="c">DLC</subfield>
    <subfield code="d">DLC</subfield>
  </datafield>
  <datafield tag="042" ind1=" " ind2=" ">
    <subfield code="a">pcc</subfield>
  </datafield>
  <datafield tag="050" ind1="0" ind2="0">
    <subfield code="b">C641B</subfield>
  </datafield>
  <datafield tag="082" ind1="0" ind2="0">
    <subfield code="a">253.5</subfield>
    <subfield code="2">23</subfield>
    <subfield code="b">C641B</subfield>
  </datafield>
  <datafield tag="100" ind1="1" ind2=" ">
    <subfield code="a">Clinebell, Howard John,</subfield>
    <subfield code="d">1922-</subfield>
  </datafield>
  <datafield tag="245" ind1="1" ind2="0">
    <subfield code="a">Basic types of pastoral care &amp; counseling :</subfield>
    <subfield code="b">resources for the ministry of healing and growth /</subfield>
    <subfield code="c">Howard Clinebell.</subfield>
  </datafield>
  <datafield tag="246" ind1="3" ind2=" ">
    <subfield code="a">Basic types of pastoral care and counseling</subfield>
  </datafield>
  <datafield tag="250" ind1=" " ind2=" ">
    <subfield code="a">Updated and rev. / Bridget Clare McKeever.</subfield>
  </datafield>
  <datafield tag="260" ind1=" " ind2=" ">
    <subfield code="a">Nashville :</subfield>
    <subfield code="b">Abingdon Press,</subfield>
    <subfield code="c">c2011.</subfield>
  </datafield>
  <datafield tag="300" ind1=" " ind2=" ">
    <subfield code="a">vi, 513 p. ;</subfield>
    <subfield code="c">23 cm.</subfield>
  </datafield>
  <datafield tag="504" ind1=" " ind2=" ">
    <subfield code="a">Includes bibliographical references and index.</subfield>
  </datafield>
  <datafield tag="505" ind1="0" ind2=" ">
    <subfield code="a">Pastoral care and counseling : challenges and opportunities -- A model for spiritually centered holistic pastoral caregiving -- The history, mission, and theological-biblical foundations of pastoral caregiving -- Foundational skills for most types of caring and counseling -- Methods of holistic supportive caregiving -- Short-term pastoral counseling in crises -- Holistic caregiving in challenging crises -- Caregiving in chronic and long-term illness -- Bereavement caregiving : before, during, and after losses -- Healing spiritual brokenness and cultivating spiritual wholeness in pastoral care and counseling -- Ethical, meaning, and value issues in pastoral care and counseling -- Crisis counseling and enrichment with couples -- Pastoral care, counseling, and enriching families -- Educative counseling -- Group pastoral care and counseling -- The art of referral in pastoral caregiving -- Inclusive caregiving : bridging cultural, racial, ethnic, class, and gender diversity -- Equipping laypersons for caregiving ministries -- Self-care for caregivers.</subfield>
  </datafield>
  <datafield tag="650" ind1=" " ind2="0">
    <subfield code="a">Pastoral counseling.</subfield>
  </datafield>
  <datafield tag="650" ind1=" " ind2="0">
    <subfield code="a">Pastoral care.</subfield>
  </datafield>
  <datafield tag="700" ind1="1" ind2=" ">
    <subfield code="a">McKeever, Bridget Clare.</subfield>
  </datafield>
  <datafield tag="906" ind1=" " ind2=" ">
    <subfield code="a">7</subfield>
    <subfield code="b">cbc</subfield>
    <subfield code="c">orignew</subfield>
    <subfield code="d">1</subfield>
    <subfield code="e">ecip</subfield>
    <subfield code="f">20</subfield>
    <subfield code="g">y-gencatlg</subfield>
  </datafield>
  <datafield tag="942" ind1=" " ind2=" ">
    <subfield code="2">ddc</subfield>
    <subfield code="c">BK</subfield>
  </datafield>
  <datafield tag="999" ind1=" " ind2=" ">
    <subfield code="c">11120</subfield>
    <subfield code="d">11120</subfield>
  </datafield>
  <datafield tag="952" ind1=" " ind2=" ">
    <subfield code="0">0</subfield>
    <subfield code="1">0</subfield>
    <subfield code="2">ddc</subfield>
    <subfield code="4">0</subfield>
    <subfield code="7">0</subfield>
    <subfield code="8">NFIC</subfield>
    <subfield code="a">HMC</subfield>
    <subfield code="b">HMC</subfield>
    <subfield code="c">GEN</subfield>
    <subfield code="d">2023-10-30</subfield>
    <subfield code="l">1</subfield>
    <subfield code="o">253.5 C641B</subfield>
    <subfield code="p">013048</subfield>
    <subfield code="r">2024-12-11 03:54:08</subfield>
    <subfield code="s">2024-12-03</subfield>
    <subfield code="w">2023-10-30</subfield>
    <subfield code="y">BK</subfield>
  </datafield>
</record>
